000
00285nam a2200109Ia 4500
008
200302s9999 xx 000 0 und d
100
_a
David Plotkin
245
_a
How to do Everything with Frontpage 2002
260
_b
Tata Mcgraw-Hill Book Co. Ltd.
260
_c
2002
300
_a
633 P.,
999
_c
1860
_d
1860